000 002370000a22000970004500
100 1 _aJaramillo Cárdenas, Luciano
245 1 0 _aFidelidad
300 _aVol. 1, Núm 57 (1999), Páginas 6-7
773 0 _tImpacto Presbiteriano
942 _cANA
999 _c51107
_d51107